The Economics of Bank Bankruptcy Law

This book shows that a special bank bankruptcy regime is desirable for the efficient restructuring and/or liquidation of distressed banks. It explores in detail both the principal features of corporate bankruptcy law and the specific characteristics of banks including the importance of public confid...

Full description

Bibliographic Details
Main Authors: Marinč, Matej (Author), Vlahu, Razvan (Author)
Corporate Author: SpringerLink (Online service)
Format: Electronic eBook
Language:English
Published: Berlin, Heidelberg : Springer Berlin Heidelberg : Imprint: Springer, 2012.
Subjects:
Online Access:Full Text via HEAL-Link
LEADER 02809nam a22004335i 4500
001 978-3-642-21807-1
003 DE-He213
005 20151204173136.0
007 cr nn 008mamaa
008 110916s2012 gw | s |||| 0|eng d
020 |a 9783642218071  |9 978-3-642-21807-1 
024 7 |a 10.1007/978-3-642-21807-1  |2 doi 
040 |d GrThAP 
050 4 |a HG1-HG9999 
072 7 |a KFF  |2 bicssc 
072 7 |a BUS027000  |2 bisacsh 
082 0 4 |a 332  |2 23 
100 1 |a Marinč, Matej.  |e author. 
245 1 4 |a The Economics of Bank Bankruptcy Law  |h [electronic resource] /  |c by Matej Marinč, Razvan Vlahu. 
264 1 |a Berlin, Heidelberg :  |b Springer Berlin Heidelberg :  |b Imprint: Springer,  |c 2012. 
300 |a XIII, 158 p.  |b online resource. 
336 |a text  |b txt  |2 rdacontent 
337 |a computer  |b c  |2 rdamedia 
338 |a online resource  |b cr  |2 rdacarrier 
347 |a text file  |b PDF  |2 rda 
505 0 |a 1 Introduction -- 2 General Issues in Bankruptcy Law -- 3 Are Banks Special? Implications for Bank Bankruptcy Law -- 4 Systemic Crises -- 5 General Issues on the structure of Banking Industry -- 6 Current Bank Bankruptcy Regimes and Recent Developments -- 7 Optimal Design of Bank Bankruptcy Law and the Bank Failures from the 2007-2009 Financial Crisis -- 8 Conclusions -- 9 Appendix. 
520 |a This book shows that a special bank bankruptcy regime is desirable for the efficient restructuring and/or liquidation of distressed banks. It explores in detail both the principal features of corporate bankruptcy law and the specific characteristics of banks including the importance of public confidence, negative externalities of bank failures, fragmented regulatory framework, bank opaqueness, and the related asset-substitution problem and liquidity provision. These features distinguish banks from other corporations and are largely neglected in corporate bankruptcy law. The authors, an assistant professor for money and finance and a research economist at the Dutch Central Bank, propose changes in both prudential regulation and reorganization policies that should allow regulators and banking authorities to better mitigate disruptions in the financial system and minimize the social costs of bank failures. Their recommendations are complemented by a discussion of bank failures from the 2007–2009 financial crisis. 
650 0 |a Finance. 
650 0 |a Public finance. 
650 1 4 |a Finance. 
650 2 4 |a Finance, general. 
650 2 4 |a Financial Law/Fiscal Law. 
700 1 |a Vlahu, Razvan.  |e author. 
710 2 |a SpringerLink (Online service) 
773 0 |t Springer eBooks 
776 0 8 |i Printed edition:  |z 9783642218064 
856 4 0 |u http://dx.doi.org/10.1007/978-3-642-21807-1  |z Full Text via HEAL-Link 
912 |a ZDB-2-SBE 
950 |a Business and Economics (Springer-11643)